000 00349cam a22001097a 4500
008 180718b1991 xxu||||| |||| 00| 0 eng d
082 _aK8501z5452 T152
245 _aTamilnadu pension rules
_cby Finance Department, TamilNadu
260 _a
_bThe Director of Stationery and Prinitng
_c1991
300 _a305+p.
700 _aTamilnadu. Finance Department,
999 _c500178
_d500178